Resúmenes analíticos educativos : género e interculturalidad en educación.

Đã lưu trong:
Chi tiết về thư mục
Nhiều tác giả của công ty: Centro Boliviano de Investigación y Acción Educativas (CEBIAE), Red Latinoamericana de Información y Documentación en Educación (REDUC)
Định dạng: Sách
Ngôn ngữ:Tiếng Tây Ban Nha
Những chủ đề:
Các nhãn: Thêm thẻ
Không có thẻ, Là người đầu tiên thẻ bản ghi này!

MARC

LEADER 00000nam^a2200000^u^4500
001 000502046
005 20250521000000.0
008 080416s1000^^^^^^^^^^^^r^^^^^000^0^spa^d
009 20260310125819.785
035 |a FCE 000046233 
037 |a Acervo ITESO - Biblioteca 
041 |a spa 
082 0 4 |a 370.19684  |b CEBIAEr 
110 |a Centro Boliviano de Investigación y Acción Educativas (CEBIAE) 
245 1 0 |a Resúmenes analíticos educativos :  |b género e interculturalidad en educación. 
264 |a La Paz, Bolivia :  |b CEBIAE,  |c 2000. 
300 |a 67 p. 
336 |a texto  |b txt  |2 rdacontenido 
337 |a sin mediación  |b n  |2 rdamedio 
338 |a volumen  |b nc  |2 rdasoporte 
649 |a XX 
650 |a Rae 
650 |a Educación y Género 
650 |a Interculturalidad 
650 |a Resúmenes analíticos 
650 |a Bolivia 
710 |a Red Latinoamericana de Información y Documentación en Educación (REDUC) 
910 |a Fondo Centro de Estudios Educativos 
920 |a Impresos - Libros 
930 |a Fondos Especiales 
905 |a 133 
901 |a ALE062863  |b IT2  |c CEE  |u 20250521 
902 |a https://opac.biblio.iteso.mx/vufind/Record/000502046